000 00300nam a2200121 a 4500
005 20140414093834.0
008 030610s19uu xx 00 eng d
050 _aCDR 574
_bMUL 1995
245 _aMultimedia Biology II.
650 _aBiology
_xInteractive videos.
942 _cAVM
999 _c108919
_d108919